FORLANG 2009 zborník z medzinárodnej konferencie Katedry jazykov Technickej univerzity v Košiciach usporiadanej v dňoch 17.-18. septembra 2009

Salvato in:
Dettagli Bibliografici
Ente Autore: FORLANG 2009. Medzinárodná konferencia
Altri autori: Hašková, Alena, Malá, Eva
Natura: Libro
Lingua:slovacco
ceco
inglese
tedesco
Pubblicazione: Košice Technická univerzita v Košiciach 2009
Soggetti:
Tags: Aggiungi Tag
Nessun Tag, puoi essere il primo ad aggiungerne!!

MARC

LEADER 00000nlm$a2200000$$$4500
001 0113304
005 20240104120305.0
020 |a 978-80-553-0325-3 
041 0 |a slo 
041 0 |a cze 
041 0 |a eng 
041 0 |a ger 
044 |a SK 
245 1 0 |a FORLANG 2009  |b zborník z medzinárodnej konferencie Katedry jazykov Technickej univerzity v Košiciach usporiadanej v dňoch 17.-18. septembra 2009 
264 1 |a Košice  |b Technická univerzita v Košiciach  |c 2009 
300 |a CD-ROM 
610 2 0 |a jazyky cudzie 
610 2 0 |a školy vysoké 
610 2 0 |a univerzity 
700 1 |a Hašková, Alena 
700 1 |a Malá, Eva 
110 2 |a FORLANG 2009. Medzinárodná konferencia